Social and Economic Components of Well-being; The European Proceedings of Social & Behavioural Sciences (EpSBS); Vol. 7 : Lifelong Wellbeing in the World (WELLSO 2015)
| Источник: | The European Proceedings of Social & Behavioural Sciences (EpSBS) Vol. 7 : Lifelong Wellbeing in the World (WELLSO 2015).— 2016.— [P. 144-149] |
|---|---|
| Главный автор: | |
| Корпоративные авторы: | , |
| Другие авторы: | |
| Примечания: | Title screen The article examines the relationship between economic development and social components of human well-being. The definitions of basic concepts that describe the position of the person in the economic environment are given. The authors examine the different components of well-being, both objective and subjective, based on the personal perception of a person. Economic growth on the one hand and social policy on the other should contribute to improving the living standards of the population. A man should feel comfortable and safe in the economic environment not only due to the social support of the state. It is very important to have a sense of self-realization for a man, self-worth, which he can attain with close people in a family. Режим доступа: по договору с организацией-держателем ресурса |
| Язык: | английский |
| Опубликовано: |
2016
|
| Предметы: | |
| Online-ссылка: | http://dx.doi.org/10.15405/epsbs.2016.02.19 http://earchive.tpu.ru/handle/11683/33299 |
| Формат: | Электронный ресурс Статья |
| Запись в KOHA: | https://koha.lib.tpu.ru/cgi-bin/koha/opac-detail.pl?biblionumber=646864 |
MARC
| LEADER | 00000nla2a2200000 4500 | ||
|---|---|---|---|
| 001 | 646864 | ||
| 005 | 20240208143540.0 | ||
| 035 | |a (RuTPU)RU\TPU\network\12001 | ||
| 035 | |a RU\TPU\network\11998 | ||
| 090 | |a 646864 | ||
| 100 | |a 20160317a2016 k y0engy50 ba | ||
| 101 | 0 | |a eng | |
| 105 | |a y z 100zy | ||
| 135 | |a drgn ---uucaa | ||
| 181 | 0 | |a i | |
| 182 | 0 | |a b | |
| 200 | 1 | |a Social and Economic Components of Well-being |f N. V. Kozlova, M. S. Polonskaya | |
| 203 | |a Text |c electronic | ||
| 300 | |a Title screen | ||
| 320 | |a [References: p. 149 (5 tit.)] | ||
| 330 | |a The article examines the relationship between economic development and social components of human well-being. The definitions of basic concepts that describe the position of the person in the economic environment are given. The authors examine the different components of well-being, both objective and subjective, based on the personal perception of a person. Economic growth on the one hand and social policy on the other should contribute to improving the living standards of the population. A man should feel comfortable and safe in the economic environment not only due to the social support of the state. It is very important to have a sense of self-realization for a man, self-worth, which he can attain with close people in a family. | ||
| 333 | |a Режим доступа: по договору с организацией-держателем ресурса | ||
| 461 | 0 | |0 (RuTPU)RU\TPU\network\11959 |t The European Proceedings of Social & Behavioural Sciences (EpSBS) | |
| 463 | 0 | |0 (RuTPU)RU\TPU\network\11960 |t Vol. 7 : Lifelong Wellbeing in the World (WELLSO 2015) |o II International Scientific Symposium, 18-22 May 2015, Tomsk, Russian Federation |o [proceedings] |f National Research Tomsk Polytechnic University (TPU) |v [P. 144-149] |d 2016 | |
| 610 | 1 | |a электронный ресурс | |
| 610 | 1 | |a труды учёных ТПУ | |
| 610 | 1 | |a благополучие | |
| 610 | 1 | |a социальное обеспечение | |
| 610 | 1 | |a уровень жизни | |
| 610 | 1 | |a качество жизни | |
| 700 | 1 | |a Kozlova |b N. V. |c economist |c Senior Lecturer of Tomsk Polytechnic University |f 1966- |g Nataliya Vladislavovna |3 (RuTPU)RU\TPU\pers\35849 | |
| 701 | 1 | |a Polonskaya |b M. S. |c linguist |c Senior Lecturer of Tomsk Polytechnic University |f 1979- |g Marina Sergeevna |3 (RuTPU)RU\TPU\pers\35853 |9 18996 | |
| 712 | 0 | 2 | |a Национальный исследовательский Томский политехнический университет (ТПУ) |b Институт социально-гуманитарных технологий (ИСГТ) |b Кафедра экономики (ЭКОН) |3 (RuTPU)RU\TPU\col\18375 |
| 712 | 0 | 2 | |a Национальный исследовательский Томский политехнический университет (ТПУ) |b Институт развития стратегического партнерства и компетенций (ИСПК) |b Кафедра методики преподавания иностранных языков (МПИЯ) |3 (RuTPU)RU\TPU\col\18976 |
| 801 | 2 | |a RU |b 63413507 |c 20161123 |g RCR | |
| 856 | 4 | |u http://dx.doi.org/10.15405/epsbs.2016.02.19 | |
| 856 | 4 | |u http://earchive.tpu.ru/handle/11683/33299 | |
| 942 | |c CF | ||